Môi trường ô nhiễm và hậu quả

保存先:
書誌詳細
第一著者: Nguyễn, Thị Thìn
フォーマット: 図書
言語:Undetermined
出版事項: Hà Nội Khoa học và Kỹ thuật 2005
主題:
タグ: タグ追加
タグなし, このレコードへの初めてのタグを付けませんか!
Thư viện lưu trữ: Trung tâm Học liệu Trường Đại học Cần Thơ
LEADER 00591nam a2200193Ia 4500
001 CTU_123779
008 210402s9999 xx 000 0 und d
020 |c 32000 
082 |a 363.73 
082 |b Th311 
100 |a Nguyễn, Thị Thìn 
245 0 |a Môi trường ô nhiễm và hậu quả 
245 0 |c Nguyễn Thị Thìn, Tuấn Lan 
260 |a Hà Nội 
260 |b Khoa học và Kỹ thuật 
260 |c 2005 
650 |a Pollution,Environmental protection 
904 |i Minh, Năm 
980 |a Trung tâm Học liệu Trường Đại học Cần Thơ